000 004920000a22001810004500
003 MACL
005 20160311123348.0
008 160311b xxu||||| |||| 00| 0 eng d
040 _aMACL
_cMACL
041 _aHindi
082 _a891.433
100 _aअमर गोस्‍वामी
_919747
245 _aहिमायती
260 _bवर्तिका प्रकाशन
_c1986
_aसतना
350 _a10
650 _aStories
_944825
942 _cHIN
_k891.433
_2ddc
999 _c29301
_d29301